00000000nam 2200000zi 4500
0019.954347
003CaOODSP
00520250821083732
006m     o  d f      
007cr mn|||||||||
008250820e20250319oncd    obs  f000 0 eng d
040 |aCaOODSP|beng|erda|cCaOODSP
043 |an-cn-bc
0861 |aCS82-003/2025-3-1E-PDF
1001 |aFerris, Jennifer K., |eauthor.
24510|aTrends and inequalities in multimorbidity from 2001/2002 to 2019/2020 : |ba population-based study in British Columbia / |cby Jennifer K. Ferris, Amy Prangnell, Brandon Wagar, Alex Choi, Jonathan Simkin, Ryan R. Woods, Hind Sbihi, Kari Harder and Kate Smolina.
264 1|a[Ottawa] : |bStatistics Canada = Statistique Canada, |cMarch 19, 2025.
264 4|c©2025
300 |a1 online resource (16 pages) : |bgraphs.
336 |atext|btxt|2rdacontent
337 |acomputer|bc|2rdamedia
338 |aonline resource|bcr|2rdacarrier
4901 |aHealth reports, |x1209-1367 ; |vv. 36, no. 3, [1]
500 |aIssued also in French under title: Tendances et inégalités en matière de multimorbidité de 2001-2002 à 2019-2020: étude basée sur la population menée en Colombie-Britannique.
504 |aIncludes bibliographical references (pages 15-16).
650 0|aDiseases|zBritish Columbia|vStatistics.
655 7|aStatistics|2lcgft
7102 |aStatistics Canada, |eissuing body.
77508|tTendances et inégalités en matière de multimorbidité de 2001-2002 à 2019-2020 : |w(CaOODSP)9.954355
830#0|aHealth reports (Series)|vv. 36, no. 3, [1].|w(CaOODSP)9.950253
85640|qPDF|s1.80 MB|uhttps://publications.gc.ca/collections/collection_2025/statcan/82-003-x/CS82-003-2025-3-1-eng.pdf
8564 |qHTML|sN/A|uhttps://www150.statcan.gc.ca/n1/pub/82-003-x/2025003/article/00001-eng.htm